000
00224 a2200097 4500
001
37862
100
_a
Reis R
245
_a
VLSI : Integrated system on silicon
260
_a
G B
_b
Chapman and Hall
_c
090
_c
24055
_d
24055
942
_a
NUST-CAE
_c
M
_c
15620
999
_c
272935
_d
272935